Loading...
| Fine Arts - Classical Music | 6 | 20.00 | 5,117% | 450% | 733% |
| Fine Arts - Other | 9 | 16.67 | 4,500% | 356% | 456% |
| Fine Arts - Painting & Sculpture | 10 | 16.00 | 4,200% | 510% | 310% |
| History - American | 4 | 17.50 | 5,275% | 625% | 225% |
| History - European | 8 | 20.00 | 4,638% | 550% | 613% |
| History - Other | 6 | 20.00 | 1,633% | 783% | 550% |
| History - World | 6 | 18.33 | 5,933% | 417% | 433% |
| Literature - American | 8 | 15.00 | 3,038% | 300% | 500% |
| Literature - British | 5 | 16.00 | 4,220% | 320% | 460% |
| Literature - European | 3 | 16.67 | 4,833% | 567% | 233% |
| Literature - World | 6 | 20.00 | 5,933% | 583% | 417% |
| Mythology | 8 | 20.00 | 5,863% | 300% | 600% |
| Other | 6 | 20.00 | 5,400% | 867% | 267% |
| Philosophy | 5 | 18.00 | 3,240% | 480% | 680% |
| Religion | 5 | 22.00 | 4,220% | 500% | 860% |
| Science - Biology | 7 | 24.29 | 4,629% | 714% | 714% |
| Science - Chemistry | 5 | 20.00 | 3,880% | 800% | 320% |
| Science - Other | 5 | 20.00 | 5,840% | 320% | 720% |
| Science - Physics | 6 | 20.00 | 5,400% | 300% | 667% |
| Social Science | 7 | 21.43 | 4,386% | 714% | 614% |